KOHA-Header-6

Introduction to Operations Research (Record no. 13977)

000 -LEADER
fixed length control field 00331nam a22001337a 4500
020 ## - INTERNATIONAL STANDARD BOOK NUMBER
ISBN 9781260575873
082 ## - DEWEY DECIMAL CLASSIFICATION NUMBER
Classification number 001.4
100 ## - MAIN ENTRY--AUTHOR NAME
Personal name Frederick S. Hiller ; Gerald J. Liberman
245 ## - TITLE STATEMENT
Title Introduction to Operations Research
250 ## - EDITION STATEMENT
Edition statement Eleventh
260 ## - PUBLICATION, DISTRIBUTION, ETC. (IMPRINT)
Place of publication New York
Name of publisher McGraw Hill
Year of publication 2021
300 ## - PHYSICAL DESCRIPTION
Number of Pages 1065 pages
942 ## - ADDED ENTRY ELEMENTS (KOHA)
Koha item type Books
Holdings
Withdrawn status Lost status Collection code Permanent Location Current Location Shelving location Date acquired Full call number Accession Number Koha item type
    Computer Science MAJU MAJU Shelf No.A33 2024-09-24 001.4 11072 Books

Powered by Koha